000 00719nam a2200229Ia 4500
003 OSt
005 20251231142746.0
008 220923b |||||||| |||| 00| 0 eng d
020 _a033392438X
037 _cGeneral Book
040 _aRTL
_cRTL
_beng
041 _2eng
_aeng
084 _aY:3(S5), P4
_qRTL
100 _aChapman Tony
_9287487
245 0 _aGender and domestic life: changing practices in families and Household
260 _aNew York
_bPalgrave Macmillan
_c2004
300 _axi,249 p.
_bIncludes bibliographical references and index.
500 _aBibliography : P 214-239
650 _aSociology
_9860682
942 _hY:3(S5), P4
_cGB
_2CC
_n0
999 _c631504
_d631504